000 00398nam a2200145 i 4500
001 20606
003 ES-MaACL
005 20230906152331.0
007 t|
008 021114s1836 xxk ||||1| eng d
245 0 0 _aAIDS to developement or mental and moral instruction exemplified.
260 _aLondon :
_bL. and G. Secley,
_c1836.
300 _aXII, 484 p. ;
_c19 cm.
852 _aES-MaACL
_jD-1736
999 _c20606
_d20606